000 00497nam a22001697a 4500
005 20231026064946.0
008 231026b |||||||| |||| 00| 0 eng
020 _a9780702185434
082 _a346.7 SHA
100 _aSharrock, R
_lEnglish
245 _aBusiness Transactions Law /
_cR Sharrock
250 _aEighth Edition
260 _aCape Town :
_bJuta & Co. Ltd,
_c2011
300 _bxxxiv, 935 pages ;
_c25,2 cm.
650 _aLegal practice
_bLaw
942 _cBK
_6ALISON_BN_VRIES
999 _c65
_d65